gouvernement belge - Statistiques

Statistiques générales
  • Ce quiz a été pris 53 fois
    50 depuis la dernière actualisation
  • Le résultat moyen est 9 sur 15
Statistiques - réponses
ministère ministre (parti) % Correct
1er ministre de wever (NV-A)
95%
défence francken (NV-A)
79%
emploi, économie, agriculture clarinval (MR)
68%
finance jambon (NV-A)
68%
asile et migration van bossuyt (NV-A)
68%
energie bihet (MR)
58%
affaires étrangère prevot (engagés)
58%
social et santé publique vandenbroucke (vooruit)
58%
justice verlinden (CD&V)
58%
action , mobilisation publique matz (engagés)
53%
interieur quintin (MR)
53%
égalité des chances beenders (vooruit)
47%
mobilité, climat crucke (engagés)
47%
classe moyenne simonet (MR)
47%
vice premier ministre, budget van peteghem (CD&V)
42%
Aucun quiz correspondant
Distribution des résultats
% des personnes avec chaque résultat
Percentile par nombre de réponses
Votre historique - résultats
Vous n’avez pas pris ce quiz depuis la dernière actualisation